عرض عادي عرض مارك
  • الزبيدي، محمود عبد علي حميد

مدخل إسم شخص

عدد التسجيلات المستخدمة في: 1

001 - رقم الضبط

  • حقل الضبط: 60803

003 - معرف رقم الضبط

  • حقل الضبط: OSt

005 - تاريخ ووقت أخر عملية

  • حقل الضبط: 20180327155451.0

008 - عناصر بيانات ثابتة الطول

  • حقل تحكم ثابت الطول: 180327|| aca||aabn | a|a d

040 ## - مصدر الفهرسة

  • هيئة الفهرسة الأصلية: OSt
  • وكالة الكتابة: OSt

100 ## - مدخل -- أسم شخص

  • إسم شخص: الزبيدي، محمود عبد علي حميد

670 ## - بيانات المصدر موجوده

  • الاستشهاد بالمصدر: Work cat.: (OSt): الزبيدي، محمود عبد علي حميد, النظام القانوني لإنقضاء الدعوي الأدارية من دون الحكم بالموضوع :, 2018.